Państwa, których punkty skrajne są najbardziej od siebie oddalone - Statystyki

Ogólne statystyki
  • Ten quiz został rozwiązany 29 razy
  • Średni wynik to 17 z 20
Statystyki odpowiedzi
Odległość Państwo % Poprawnych
5 017 Chiny
100%
18 151 Francja
100%
3 713 Indie
100%
8 207 Rosja
100%
15 306 Stany Zjednoczone
100%
18 127 Wielka Brytania
100%
7 813 Australia
96%
5 100 Brazylia
96%
4 648 Chile
96%
5 355 Indonezja
96%
3 699 Argentyna
92%
5 549 Kanada
92%
2 959 Kazachstan
92%
3 365 Meksyk
88%
15 098 Norwegia
83%
3 138 Japonia
79%
5 711 Nowa Zelandia
71%
8 049 Holandia
63%
4 052 Dania
54%
4 430 Kiribati
42%
Nie znaleziono quizów pasujących do podanych kryteriów
Rozkład punktacji
Procent ludzi z każdym wynikiem
Percentyl według liczby udzielonych odpowiedzi
Twoja historia wyników
Nie rozwiązałeś tego quizu